| 000 | 00713nam a2200229 a 4500 | ||
|---|---|---|---|
| 005 | 20220604063851.0 | ||
| 008 | 991125m20012001mx 000 0 spa u | ||
| 020 | _a9701870875 (SEP) | ||
| 020 | _a9684941153 (CIDCLI) | ||
| 035 | _aUPN01000000052 | ||
| 049 | _aCG | ||
| 050 | 4 |
_aPN481 _bD5.3 |
|
| 245 | 0 | 0 |
_a17 Narradoras latinoamericanas / _cCecilia Absatz ... [et al.]. |
| 260 |
_aMéxico : _bSEP : _bCIDCLI, _cc2001. |
||
| 300 |
_a222 p. : _bil. |
||
| 440 | 0 | _aBiblioteca para la actualización del maestro | |
| 440 | 0 |
_aLibros del rincón. _pEspejo de urania |
|
| 650 | 7 |
_aMujeres en la literatura _2 _92269 |
|
| 650 | 4 |
_aCUENTOS LATINOAMERICANOS _912678 |
|
| 700 | 1 |
_aAbsatz, Cecilia, _ecoaut. |
|
| 905 | _aLibro | ||
| 999 |
_c52 _d52 |
||